| 000 | 01174nam a22003257a 4500 | ||
|---|---|---|---|
| 003 | CHAP | ||
| 005 | 20220329134251.0 | ||
| 008 | 971013s1979 r 00010 d | ||
| 010 | _a17872 | ||
| 011 | _a18844 | ||
| 035 | _a22929 | ||
| 040 | _cCHAP | ||
| 090 | _aFolleto 5913 | ||
| 100 | 0 | 0 |
_aBlanco Macías, Gonzalo. _913085 |
| 245 | _aRelación parcial de artículos, escritos, colaboraciones, comentarios, traducciones, recopilaciones, cartas y otros materiales de divulgación agropecuaria y forestal | ||
| 260 |
_aMéxico, D. F. : _b(s.e.), _c1979 |
||
| 300 | _a71 p. | ||
| 490 |
_aRecopilación histórico-bibliográfica _v; 3 |
||
| 590 |
_aBATCH-UPD _b10 _c20130110 _lUCH01 _h0127 |
||
| 590 |
_aBATCH-UPD _b10 _c20130110 _lUCH01 _h2018 |
||
| 590 |
_aBATCH-UPD _b10 _c20130409 _lUCH01 _h2121 |
||
| 590 |
_aBATCH-UPD _b10 _c20130410 _lUCH01 _h1336 |
||
| 590 |
_aBATCH-UPD _b10 _c20130914 _lUCH01 _h0642 |
||
| 590 |
_aCONVERSION _b10 _c20130109 _lUCH01 _h1311 |
||
| 650 | 1 | 4 |
_aAgricultura _xBibliografia. _91321 |
| 830 | 0 |
_aRecopilación histórico-bibliográfica _v; 3 _995015 |
|
| 901 | _aBK | ||
| 942 | _cFOLL | ||
| 949 |
_aFolleto 5913 _bBC _cFOLL _d-53530 _eTS1 _i22929 _mD _si |
||
| 999 |
_c17872 _d17872 |
||